| 000 | 01051cab a2200337 4500 | ||
|---|---|---|---|
| 001 | ABS52676 | ||
| 008 | 090401t1995 xxu||||| |||| 00| 0 eng d | ||
| 035 | _a(Sirsi) u90263 | ||
| 041 | _aeng | ||
| 100 | _aRyan, P.A. | ||
| 245 | _aIndustrial cladding, assessment and repair | ||
| 260 | _c1995 | ||
| 350 | _a0 | ||
| 490 |
_aConstruction Repair _v9(2) March/April 1995, 8-11(4) |
||
| 520 | _aIdentifies some problems relating to profiled metal cladding. Includes charts illustrating types of failure, the frequency of their occurence and the number of years to failure. | ||
| 650 | _aBUILDING FAILURES | ||
| 650 | _aBUILT ENVIRONMENT-BUILDING MATERIALS | ||
| 650 | _aCAUSES | ||
| 650 | _aCLADDING | ||
| 650 | _aDEFECTS | ||
| 650 | _aDURABILITY | ||
| 650 | _aFAILURE | ||
| 650 | _aLIFE EXPECTANCY | ||
| 650 | _aPAINTING | ||
| 650 | _aPROFILED METAL CLADDING | ||
| 650 | _aREPAIR METHODS | ||
| 690 | _aBUILDING AND CONSTRUCTION-REPAIRS AND MAINTENANCE | ||
| 700 | _aWolstenholme, R.P. | ||
| 942 | _n0 | ||
| 948 | _c04/03/1997 | ||
| 999 |
_c57204 _d57204 |
||